| 000 | 00905nam a2200265 a 4500 | ||
|---|---|---|---|
| 001 | BRCA_5447 | ||
| 005 | 20190320205101.0 | ||
| 008 | 830624s1913 nyuac#####---#000-0#eng-# | ||
| 041 | _aeng | ||
| 044 | _anyu | ||
| 050 | 4 |
_aND673.R8 _b.R68 1913 |
|
| 245 | 1 | 0 |
_aThe work of Rubens _breproduced in over five hundred illustrations _cwith a biographical introduction abridged from Adolf Rosenberg |
| 260 |
_aNueva York _bBrentano´s _c1913 |
||
| 300 |
_a32 p., 462 p. de láminas _bil., láminas _c27 cm. |
||
| 440 | 0 |
_aClassics in art series _v5 _913912 |
|
| 500 | _aIncluye más de quinientas ilustraciones e introducción biográfica | ||
| 500 | _aEdición con cabeza dorada | ||
| 500 | _aM32 | ||
| 600 | 1 | 4 |
_aRubens, Peter Paul _d1577-1640 _95125 |
| 650 | 1 | 4 |
_aPintores flamencos _97571 |
| 650 | 1 | 4 |
_aPinturas flamencas _913625 |
| 700 | 1 |
_aRosenberg, Adolf _913616 |
|
| 902 | _aGFM | ||
| 942 |
_2lcc _cB |
||
| 999 |
_c5141 _d5141 |
||